000 00659nam a2200169 a 4500
008 060825s2006 ||||||||||||||||| || u
020 _a0821363050
050 _aIBRD(06)IEG/2006/6
110 _aIndependent Evaluation Group (IEG)
245 1 0 _aIEG review of World Bank assistance for financial sector reform
260 _aWashington, D.C.
_bWorld Bank
_c2006
350 _a0.00
650 0 _aECONOMIC ASSISTANCE, WORLD BANK
650 0 _aAFRICA--ECONOMIC CONDITIONS
710 _aWorld Bank
995 _D0.00
_FCBU-MAIN LIBRARY (Kitwe)
_H1
_I0.00
_M1
_UAVAILABLE
_WAug 25, 2006
_ZInternational Publications
999 _c46138
_d46138